000 01457ngm a2200241 u 4500
005 20210223130646.0
008 080930s2006 mx 027 aaspa d
035 _aUPN01000161519
049 _aAV
050 4 _aDVD RC 88
245 0 0 _aAmándonos como somos :
_benfrentando nuestra realidad /
_cdir. Susie Mah.
260 _aMéxico :
_bQuality Films,
_cc2006.
300 _e1 DVD (27 min.)
440 0 _aIdeas educativas
500 _aCaracterísticas especiales: español e inglés, menús interactivos, avances
520 _aSueños ligeros: Natalia Pace, Katia Nagytohy, tfaany Ryan y Shannon Conway, son algunas de las jóvenes que conocerás. Verás cómo debaten, con un grupo de amigas, lo difícil que es perder peso. Asimismo, discuten sobre los riesgos que esto implica, como la anorexia o la bulimia y otros desórdenes alimenticios que las llevan a sentirse vacías. El llamado del monstruo: verás cómo es que los temores entran en nuestras vidas y en nuestros sueños; cómo invaden nuestra intimidad; cómo los llevamos a todos lados para convertirse en la peor pesadilla; y cómo sólo nosotros podemos deshacernos de ellos, atrontándolos y aprendiendo a amarnos como somos y con lo que tenemos.
533 _aMultiregión
650 4 _aOBESIDAD -
_xASPECTOS PSICOLOGICOS
_9378
650 4 _aTRASTORNOS DE LA INGESTION
_912829
650 4 _aTECNICAS DE AUTOAYUDA
_9377
700 1 _aMah, Susie,
_edir.
905 _aAudiovisuales
999 _c133632
_d133632